Detalles MARC
| 000 -CABECERA |
| campo de control de longitud fija |
01211nam a2200253 a 4500 |
| 001 - NÚMERO DE CONTROL |
| campo de control |
000039493 |
| 005 - FECHA Y HORA DE LA ÚLTIMA TRANSACCIÓN |
| campo de control |
20201002031658.0 |
| 008 - DATOS DE LONGITUD FIJA--INFORMACIÓN GENERAL |
| campo de control de longitud fija |
130703s1902 sp 000 0 spa d |
| 040 ## - FUENTE DE LA CATALOGACIÓN |
| Centro catalogador/agencia de origen |
DO-SdBNP |
| Lengua de catalogación |
spa |
| Centro/agencia transcriptor |
BNPHU |
| 082 ## - NÚMERO DE LA CLASIFICACIÓN DECIMAL DEWEY |
| Número de clasificación |
271.5 |
| Número de documento/Ítem |
A859h |
| 100 1# - ENTRADA PRINCIPAL--NOMBRE DE PERSONA |
| Nombre de persona |
Astrain, Antonio |
| Fechas asociadas al nombre |
1857-1928 |
| 9 (RLIN) |
65677 |
| 245 10 - MENCIÓN DE TÍTULO |
| Título |
Historia de la compañia de Jesús en la asistencia de España / |
| Mención de responsabilidad, etc. |
Antonio Astrain. |
| 260 ## - PUBLICACIÓN, DISTRIBUCIÓN, ETC. |
| Lugar de publicación, distribución, etc. |
Madrid : |
| Nombre del editor, distribuidor, etc. |
Sucesores de Rivadeneyra, |
| Fecha de publicación, distribución, etc. |
1902-. |
| 300 ## - DESCRIPCIÓN FÍSICA |
| Extensión |
7v. ; |
| Dimensiones |
25 cm. |
| 500 ## - NOTA GENERAL |
| Nota general |
vols. 3-7 , impreso en Madrid: Razón y Fé, 1909-1925 |
| 500 ## - NOTA GENERAL |
| Nota general |
Incluye notas al pie de las páginas |
| 500 ## - NOTA GENERAL |
| Nota general |
La biblioteca posee v.1-3, 5,7 |
| 500 ## - NOTA GENERAL |
| Nota general |
Bibliografía: v.7, p. [ix]-xi |
| 505 0# - NOTA DE CONTENIDO CON FORMATO |
| Información miscelánea |
v. 1 |
| Título |
San Ignacio de Loyola, 1540-1556 -- |
| Información miscelánea |
v. 2 |
| Título |
Laínez-Borja, 1556-1572 -- |
| Información miscelánea |
v. 3 |
| Título |
Mercurian - Aquaviva 1573-1615 -- |
| Información miscelánea |
v.4 |
| Título |
Aquaviva (2. pte.) 1581-1615 -- |
| Información miscelánea |
v. 5 |
| Título |
Vitelleschi, Carafa, Piccolomini, 1615-1652 -- |
| Información miscelánea |
v.6 |
| Título |
Nickel, Oliva, Noyelle, González, 1652-1705 -- |
| Información miscelánea |
v. 7 |
| Título |
Tamburini, Retz, Visconti, Centurione 1705-1758 |
| 600 14 - PUNTO DE ACCESO ADICIONAL DE MATERIA--NOMBRE DE PERSONA |
| Nombre de persona |
IGNACIO, |
| Títulos y otros términos asociados al nombre |
DE LOYOLA SANTO, |
| Fechas asociadas al nombre |
1491-1556 |
| 9 (RLIN) |
65678 |
| 600 14 - PUNTO DE ACCESO ADICIONAL DE MATERIA--NOMBRE DE PERSONA |
| Nombre de persona |
JESUITAS |
| Subdivisión general |
HISTORIA |
| 9 (RLIN) |
65679 |
| 600 14 - PUNTO DE ACCESO ADICIONAL DE MATERIA--NOMBRE DE PERSONA |
| Nombre de persona |
JESUITAS |
| Subdivisión geográfica |
ESPAÑA |
| 9 (RLIN) |
65680 |
| 910 ## - DATOS DE OPCIÓN DEL USUARIO (OCLC) |
| Datos de opción del usuario |
Validado. Control de calidad MFF |